000 00423nam a2200181Ia 4500
001 19566
005 20260306172702.0
008 260306t2004||||xx |||||||||||||| ||spa||
041 _aESP
082 _a340.7
_bA28
100 _aAftalión, Enrique R.
_eAUT
245 0 _aIntroducción al derechotexto
260 _c2004
300 _a1054 páginas :
_c
650 _aGEN
654 _aCDE
942 _cLIB
_dJUS
_fJUS
_2ddc
_n
999 _c19566
_d19566